000 00541 a2200181 4500
001 ART_6685
005 20260410161826.0
008 260409a
245 1 0 _aAspirantes a una institución de educación superior
100 1 _aMallo, Paulino E.
700 1 _aArtola, María A.
700 1 _aZanfrillo, Alicia I.
700 1 _aMorettini, Mariano
700 1 _aGalante, Marcelo J.
700 1 _aPascual, Mariano E.
700 1 _aBusetto, Adrián R.
773 0 _tFACES
_g- Año 12, Nº 26 (may./ago.2006)
_wREV5046
999 _c22805
_d22805